[Event "Goetzis-B"]
[Site "Goetzis"]
[Date "1996.??.??"]
[Round "9"]
[White "Welsh, Michael"]
[Black "Thoma, Robert"]
[Result "1/2-1/2"]
[WhiteElo "2155"]
[BlackElo "2280"]

1.e4 c5 2.Nc3 e6 3.Nge2 Nc6 4.d4 cxd4 5.Nxd4 d6 6.Be3 a6 7.g3 Qc7 8.Bg2 Nf6
9.O-O Bd7 10.a4 Rc8 11.Nb3  1/2-1/2

[Event "Gran Canaria op"]
[Site "Gran Canaria"]
[Date "1996.??.??"]
[Round "?"]
[White "Sanchez, Raul"]
[Black "Miles, Anthony J"]
[Result "0-1"]
[WhiteElo "2200"]
[BlackElo "2635"]

1.e4 c5 2.Nf3 e6 3.d4 cxd4 4.Nxd4 Nc6 5.Nc3 Qc7 6.g3 a6 7.a4 Nf6 8.Nb3 Bb4
9.Bg2 Ne5 10.O-O Bxc3 11.bxc3 d6 12.a5 O-O 13.Be3 Nc4 14.Bg5 Nd7 15.Nd4 Nxa5
16.Be7 Re8 17.Bxd6 Qxd6 18.Rxa5 Qc7 19.Qa1 b6 20.Rg5 Bb7 21.Re1 Rac8 22.Re3 Ne5
23.f4 f6 24.Rh5 Nc4 25.Re2 Qf7 26.g4 e5 27.fxe5 Nxe5 28.Rh3 Rcd8 29.Rg3 Bc8
30.h3 b5 31.Qe1 Qc7 32.g5 Rf8 33.Nf5 g6 34.gxf6 Rxf6 35.Ne3 Rdf8 36.Nd5 Qc5+
37.Kh2 R6f7 38.Rg5 Rf1  0-1

[Event "Graz op"]
[Site "Graz"]
[Date "1996.??.??"]
[Round "?"]
[White "Balinov, Ilija"]
[Black "Cebalo, Miso"]
[Result "1-0"]
[WhiteElo "2360"]
[BlackElo "2495"]

1.e4 c5 2.Nf3 e6 3.d4 cxd4 4.Nxd4 Nc6 5.Nc3 d6 6.Be3 Nf6 7.Qe2 a6 8.O-O-O Qc7
9.g4 Nxd4 10.Rxd4 b5 11.g5 Nd7 12.Rg1 Rb8 13.Kb1 g6 14.Qd1 Be7 15.f4 b4 16.Na4 e5
17.Rc4 Qa5 18.b3 exf4 19.Bxf4 Ne5 20.Rc5 dxc5 21.Bxe5 O-O 22.Bxb8 Rd8 23.Qf3 Be6
24.Ba7 c4 25.Bb6 Qe5 26.Bxd8 Bxd8 27.Bxc4 Bxc4 28.bxc4 Bxg5 29.Rf1  1-0

[Event "SLO-ch"]
[Site "Grize"]
[Date "1996.??.??"]
[Round "?"]
[White "Podkriznik, Gregor"]
[Black "Kragelj, Igor"]
[Result "1/2-1/2"]
[WhiteElo "2220"]
[BlackElo "2225"]

1.e4 c5 2.Nf3 Nc6 3.d4 cxd4 4.Nxd4 e6 5.Nc3 Qc7 6.g3 a6 7.Bg2 Nf6 8.O-O Bc5
9.Nb3 Ba7 10.Kh1 d6 11.f4 h5 12.h3 Bd7 13.Qe1 Ng4 14.Bf3 O-O-O 15.Kg2 Rh7
16.hxg4 hxg4 17.Bxg4 Rdh8 18.Be3 Rh2+ 19.Kg1 Rh1+ 20.Kf2 R1h2+  1/2-1/2

[Event "SLO-ch"]
[Site "Grize"]
[Date "1996.??.??"]
[Round "?"]
[White "Mohr, Georg"]
[Black "Gostisa, Leon"]
[Result "1/2-1/2"]
[WhiteElo "2510"]
[BlackElo "2405"]

1.e4 c5 2.Nf3 e6 3.d4 cxd4 4.Nxd4 Nc6 5.Nc3 Qc7 6.Be3 a6 7.Bd3 Nf6 8.O-O Ne5
9.Nf3 Nfg4 10.Bf4 Be7 11.Nxe5 Nxe5 12.Qh5 d6 13.Bg5 Bxg5 14.Qxg5 O-O 15.Qe3 b5  1/2-1/2

[Event "Groningen SC op"]
[Site "Groningen"]
[Date "1996.??.??"]
[Round "3"]
[White "Kovalev, Andrei"]
[Black "Wiersma, Eelke"]
[Result "1/2-1/2"]
[WhiteElo "2495"]
[BlackElo "2285"]

1.e4 c5 2.Nf3 Nc6 3.Nc3 e6 4.d4 cxd4 5.Nxd4 Nf6 6.Ndb5 d6 7.Bf4 e5 8.Bg5 a6
9.Na3 b5 10.Nd5 Be7 11.Bxf6 Bxf6 12.c3 O-O 13.Nc2 Bg5 14.a4 bxa4 15.Rxa4 Bb7
16.Qa1 Ne7 17.Bc4 Nxd5 18.Bxd5 Bxd5 19.exd5 a5 20.O-O Qb8 21.Na3 Qb3 22.Nc4 Rfb8
23.Qa2 Qxa2 24.Rxa2 Rb5 25.Rd1 Be7 26.Ra4 Rab8 27.Kf1 g6 28.Ke2 Rc5 29.Rd2 Bg5
30.Rc2 Rxd5 31.Rxa5 Rxa5 32.Nxa5 d5 33.b4 Kg7 34.g3 Kf6 35.Rb2 Ke7 36.c4 dxc4
37.Nxc4 Rb5 38.Na3 Rb7 39.Nb1 Ke6 40.Nc3 Be7 41.b5 Bc5 42.Kf3 Bd4  1/2-1/2

[Event "Koop Tjuchem op"]
[Site "Groningen"]
[Date "1996.??.??"]
[Round "5"]
[White "Van den Doel, Erik"]
[Black "Ye Jiangchuan"]
[Result "1/2-1/2"]
[WhiteElo "2440"]
[BlackElo "2540"]

1.e4 c5 2.Nf3 e6 3.d4 cxd4 4.Nxd4 Nc6 5.Nc3 a6 6.Nxc6 bxc6 7.Bd3 d5 8.O-O Nf6
9.Re1 Bb7 10.Bg5 Be7 11.e5 Nd7 12.Bxe7 Qxe7 13.Qg4 c5 14.Qxg7 O-O-O 15.Qg3 Rdg8
16.Qf4 Rg5 17.b3 Rhg8 18.g3 h5 19.h3 c4 20.bxc4 Qc5 21.Kf1 f6 22.exf6 e5
23.Qh4 e4 24.Bxe4 dxe4 25.Nxe4 Qxc4+ 26.Kg1 Bxe4 27.Rxe4 Qd5 28.Rd4 Rxg3+
29.fxg3 Rxg3+ 30.Qxg3 Qxd4+ 31.Kg2 Qxa1 32.Qg8+ Kc7 33.Qc4+  1/2-1/2

[Event "Koop Tjuchem"]
[Site "Groningen"]
[Date "1996.??.??"]
[Round "7"]
[White "Short, Nigel D"]
[Black "Leko, Peter"]
[Result "1/2-1/2"]
[WhiteElo "2695"]
[BlackElo "2630"]

1.e4 c5 2.Nf3 Nc6 3.d4 cxd4 4.Nxd4 e6 5.Nc3 Qc7 6.Be2 a6 7.O-O b5 8.Nxc6 dxc6
9.f4 Bb7 10.Kh1 Be7 11.Qe1 b4 12.Nb1 c5 13.Nd2 Nf6 14.Bd3 O-O 15.b3 a5 16.Bb2 a4
17.Rb1 Bc6 18.Rf3 axb3 19.axb3 Rfd8 20.Qe2 Qb7 21.Re3 Kf8 22.Rf1 Ra2 23.Be5 Nd7
24.Qh5 h6 25.Rg3 Nf6 26.Bxf6 Bxf6 27.Qxc5+ Be7 28.Qh5 Rxc2 29.Bxc2 Rxd2 30.Rc1 Bxe4
31.Bxe4 Qxe4 32.h3 Rd5 33.Qf3 Qf5 34.Qg4 Qf6 35.Rc8+ Bd8 36.Re3 Rd4 37.Qf3 g6
38.Rd3 Kg7 39.Rxd4 Qxd4 40.Kh2 Bf6 41.Rc4 Qd2 42.Qe4 Bc3 43.Qb7  1/2-1/2

[Event "Koop Tjuchem op"]
[Site "Groningen"]
[Date "1996.??.??"]
[Round "10"]
[White "De Vreugt, Dennis"]
[Black "Kogan, Artur"]
[Result "1-0"]
[WhiteElo "2265"]
[BlackElo "2475"]

1.e4 c5 2.Nf3 Nc6 3.d4 cxd4 4.Nxd4 e6 5.Nc3 Qc7 6.f4 a6 7.Nxc6 Qxc6 8.Bd3 Bc5
9.Qg4 Ne7 10.Qxg7 Rg8 11.Qxh7 b5 12.Bd2 Bd4 13.e5 b4 14.Ne4 Bxb2 15.Bxb4 Qb6
16.Bc5 Qa5+ 17.Kf2 d6 18.Rab1 Bb7 19.Rxb2 Bxe4 20.Qxe4 Qxc5+ 21.Kf3 Nc6 22.exd6 Rd8
23.g3 Rxd6 24.Rhb1 Rd4 25.Qe3 Kf8 26.Rb6 e5 27.f5 Ke8 28.Rxa6 Rxd3 29.Qxd3 Nd4+
30.Kg2 Qd5+ 31.Kf2 Rg5 32.Rb8+ Ke7 33.Qa3+ Kd7 34.Ra7+ Kc6 35.Qa6+ Kc5 36.Qb6+ Kc4
37.Qb4+  1-0

[Event "Haarlem op"]
[Site "Haarlem"]
[Date "1996.??.??"]
[Round "6"]
[White "Termeulen, Albert"]
[Black "Bjarnason, Saevar"]
[Result "0-1"]
[WhiteElo "2290"]
[BlackElo "2305"]

1.e4 c5 2.Nf3 e6 3.d4 cxd4 4.Nxd4 Nc6 5.Nc3 a6 6.Nxc6 bxc6 7.Bd3 e5 8.O-O Nf6
9.Kh1 d6 10.f4 Be7 11.Qf3 O-O 12.fxe5 dxe5 13.Nd1 Be6 14.Ne3 g6 15.Qg3 Nh5
16.Qxe5 Bd6 17.Qc3 Qh4 18.e5 Bb4 19.Qxc6 Ng3+ 20.Kg1 Nxf1 21.Nxf1 Qd4+ 22.Kh1 Qxe5
23.Bh6 Rfc8 24.Qe4 Qxb2 25.Rd1 Bc3 26.h4 Qb4 27.Ng3 Qxe4 28.Nxe4 Bg7 29.Bf4 Bxa2
30.Nd6 Rd8 31.c4 a5 32.Be4 Ra7 33.c5 a4 34.c6 a3 35.Be3 Re7 36.Bb6 Rxe4 37.Bxd8 Rd4  0-1

[Event "Hallsberg op"]
[Site "Hallsberg"]
[Date "1996.??.??"]
[Round "1"]
[White "Moor, Roger"]
[Black "Hellsten, Johan"]
[Result "0-1"]
[WhiteElo "2195"]
[BlackElo "2475"]

1.e4 c5 2.Nf3 e6 3.d4 cxd4 4.Nxd4 Nc6 5.Nc3 a6 6.Be2 Nge7 7.Nb3 b5 8.a3 Ng6
9.O-O Be7 10.f4 O-O 11.Be3 d6 12.Qe1 Re8 13.Qg3 Bh4 14.Qf3 Bb7 15.Rad1 Qe7
16.Qh5 Rad8 17.Bd3 Bf6 18.Rf3 Bxc3 19.bxc3 Qh4 20.Qxh4 Nxh4 21.Rff1 Ng6 22.Ra1 Rc8
23.Rfb1 Nce7 24.Bd2 e5 25.f5 Nf4 26.Na5 Ba8 27.a4 d5 28.exd5 Nxd3 29.cxd3 Nxd5
30.axb5 axb5 31.Ra3 b4 32.cxb4 Rc2 33.Rd1 Nf4 34.Rc3 Ne2+  0-1

[Event "Hamburg HSK-B"]
[Site "Hamburg"]
[Date "1996.??.??"]
[Round "1"]
[White "Tirard, Hugo"]
[Black "Gustafsson, Jan"]
[Result "0-1"]
[WhiteElo "2395"]
[BlackElo "2340"]

1.e4 c5 2.Nf3 Nc6 3.Nc3 e6 4.d4 cxd4 5.Nxd4 Qc7 6.Be3 a6 7.Qd2 b5 8.O-O-O Nf6
9.f3 Bb7 10.Nb3 d6 11.Bd3 Ne5 12.Qf2 Nfd7 13.Kb1 Rb8 14.Rhe1 Be7 15.Ba7 Rc8
16.Bd4 O-O 17.Qg3 Ng6 18.Rf1 b4 19.Ne2 Bf6 20.Bxf6 Nxf6 21.Nf4 Nxf4 22.Qxf4 a5
23.Nd2 e5 24.Qh4 a4 25.Nc4 a3 26.Ne3 axb2 27.Bc4 Ra8 28.Bb3 Bc8 29.Nf5 Bxf5
30.exf5 Rfc8 31.Qxb4 d5 32.g4 d4 33.Rf2 Rcb8 34.Qc4 Qd7 35.g5 Rc8 36.Qd3 Nd5
37.g6 Nc3+ 38.Kxb2 Qe7 39.gxf7+ Kf8 40.a4 Qb4 41.Kc1 Rxa4 42.Rdf1 Ra1+ 43.Kd2 Nd5+
44.c3 Rxc3  0-1

[Event "Hamburg HSK-B"]
[Site "Hamburg"]
[Date "1996.??.??"]
[Round "4"]
[White "Stephan, Axel"]
[Black "Gustafsson, Jan"]
[Result "1/2-1/2"]
[WhiteElo "2185"]
[BlackElo "2340"]

1.e4 c5 2.Nf3 Nc6 3.d4 cxd4 4.Nxd4 e6 5.Nc3 Qc7 6.Be2 a6 7.O-O Nf6 8.Be3 Be7
9.f4 d6 10.Kh1 O-O 11.Qe1 Nxd4 12.Bxd4 b5 13.a3 Bb7 14.Qg3 Bc6 15.Bd3 e5
16.fxe5 Nh5 17.Qh3 dxe5 18.Bxe5 Qxe5 19.Rf5 Qe6 20.Rxh5 Qxh3 21.Rxh3 h6 22.Nd5  1/2-1/2

[Event "Hamburg HSK-B"]
[Site "Hamburg"]
[Date "1996.??.??"]
[Round "5"]
[White "Tirard, Hugo"]
[Black "Hegeler, Frank"]
[Result "1-0"]
[WhiteElo "2395"]
[BlackElo "2285"]

1.e4 c5 2.Nf3 Nc6 3.Nc3 e6 4.d4 cxd4 5.Nxd4 Qc7 6.Be3 a6 7.Bd3 Nf6 8.O-O Nxd4
9.Bxd4 Bc5 10.Bxc5 Qxc5 11.Qe2 d6 12.Rad1 b5 13.Kh1 Bb7 14.a3 h5 15.h3 h4
16.Rfe1 Nh5 17.Qd2 O-O-O 18.b4 Qe5 19.a4 Bc6 20.Ra1 Nf4 21.axb5 axb5 22.Nxb5 Qg5
23.Bf1 Bxb5 24.Qc3+ Kb8 25.Ra5  1-0

[Event "Hamburg HSK-B"]
[Site "Hamburg"]
[Date "1996.??.??"]
[Round "9"]
[White "Tirard, Hugo"]
[Black "Meyer, Falko"]
[Result "1-0"]
[WhiteElo "2395"]
[BlackElo "2305"]

1.e4 c5 2.Nc3 e6 3.Nf3 Nc6 4.d4 cxd4 5.Nxd4 Nf6 6.Be3 Be7 7.f3 O-O 8.Qd2 d5
9.exd5 Nxd5 10.Nxd5 Qxd5 11.c4 Qd7 12.O-O-O Nxd4 13.Bxd4 Rd8 14.Be2 Qa4 15.b3 Qa3+
16.Qb2 Bg5+ 17.Kb1 Qxb2+ 18.Kxb2 Bd7 19.Kc3 Bc6 20.b4 b6 21.b5 Bb7 22.a4 Be7
23.Be5 Kf8 24.Bc7 Rxd1 25.Rxd1 Ke8 26.Kb3 Rc8 27.Be5 f6 28.Bd4 Bc5 29.a5 Ke7
30.Bc3 Rd8 31.Ra1 Kd7 32.Bd3 Kc8 33.Bc2 h6 34.Re1 e5 35.a6 Ba8 36.Re2 Kc7
37.Bd2 Bg1 38.h4 g5 39.Bb4 Bc5 40.hxg5 hxg5 41.Bxc5 bxc5 42.Kc3 Rd4 43.Bf5 g4
44.Bxg4 e4 45.Re3 Kb6 46.f4 Rd8 47.Bf5 Re8 48.g4 Ka5 49.Bg6 Re7 50.Bf5 Re8
51.Re1 e3 52.Bd3 Bf3 53.g5 fxg5 54.fxg5 Bh5 55.g6 Re7 56.Rg1 e2 57.Kd2 Kb4
58.Ke1 Rg7 59.Rg3 Ka5 60.Rg5 Bf3 61.Rf5  1-0

[Event "Helsinki-ch "]
[Site "Helsinki"]
[Date "1996.??.??"]
[Round "?"]
[White "Hamalainen, Sami"]
[Black "Agopov, Mikael"]
[Result "0-1"]
[WhiteElo "2130"]
[BlackElo "2230"]

1.e4 c5 2.Nf3 Nc6 3.d4 cxd4 4.Nxd4 e6 5.Nc3 Qc7 6.g3 a6 7.Bg2 Nf6 8.O-O Be7
9.Be3 Ne5 10.Qe2 d6 11.Rad1 Rb8 12.a4 O-O 13.Kh1 Nc4 14.Bc1 g6 15.b3 Na5
16.Qd2 e5 17.Nde2 b5 18.Bb2 b4 19.Nd5 Nxd5 20.Qxd5 Qxc2 21.Rd2 Qc7 22.Qd3 Be6
23.Nc1 Qb6 24.f4 f6 25.f5 Bf7 26.fxg6 hxg6 27.Bh3 Rbd8 28.Qf3 Kg7 29.Rdf2 d5
30.Bxe5 fxe5 31.Qxf7+ Rxf7 32.Rxf7+ Kh6 33.Rxe7 Qe3 34.Bg4 Qxe4+ 35.Bf3 Qe3
36.h4 Rf8 37.g4 Rxf3  0-1

[Event "Helsinki We op"]
[Site "Helsinki"]
[Date "1996.??.??"]
[Round "2"]
[White "Leino, Jukka"]
[Black "Kiik, Kalle"]
[Result "1-0"]
[WhiteElo "2170"]
[BlackElo "2385"]

1.e4 c5 2.Nf3 e6 3.d4 cxd4 4.Nxd4 Nc6 5.Nc3 d6 6.Be2 Nf6 7.O-O Be7 8.Kh1 O-O
9.f4 a6 10.a4 Qc7 11.Be3 Re8 12.Bf3 Nxd4 13.Qxd4 e5 14.Qd2 Be6 15.f5 Bc4
16.Rf2 Rac8 17.g4 d5 18.g5 Nxe4 19.Nxe4 dxe4 20.Bg4 Bc5 21.b3 Bd4 22.Re1 Bd5
23.c4 Bc6 24.Bh3 Rcd8 25.Bf1 Qb6 26.b4 Bxe3 27.Qxe3 Qxb4 28.g6 hxg6 29.fxg6 fxg6
30.Kg1 Rf8 31.Bh3 Qe7  1-0

[Event "Helsinki We op"]
[Site "Helsinki"]
[Date "1996.??.??"]
[Round "3"]
[White "Hartikainen, Markku"]
[Black "Sorri, Kari Juhani"]
[Result "1-0"]
[WhiteElo "2290"]
[BlackElo "2335"]

1.e4 c5 2.Nf3 Nc6 3.Nc3 e6 4.d4 cxd4 5.Nxd4 a6 6.g3 d6 7.Bg2 Bd7 8.O-O Nf6
9.Be3 Be7 10.f4 O-O 11.Qe2 Qc7 12.Rad1 Rac8 13.Kh1 b5 14.Nxc6 Bxc6 15.a3 Qb7
16.Bd4 a5 17.e5 dxe5 18.fxe5 Bxg2+ 19.Qxg2 Qxg2+ 20.Kxg2 Ng4 21.h3 Nh6 22.Nxb5 Rxc2+
23.Rf2 Rxf2+ 24.Kxf2 Nf5 25.Bc3 Bc5+ 26.Kf3 a4 27.Rd7 Rb8 28.Nc7 h5 29.Na6 Rc8
30.g4 hxg4+ 31.hxg4 Nh4+ 32.Kg3 Ng6 33.Nxc5 Rxc5 34.Rd4 Nxe5 35.Rxa4 Rd5
36.Rd4 Rc5 37.a4 f5 38.g5 f4+ 39.Rxf4 Ng6 40.Rg4 Ne7 41.g6 Nd5 42.Rd4 Kf8
43.Bb4 Nxb4 44.Rxb4 Ke7 45.Rb5 Rc4 46.a5 Ra4 47.b4 Kf6 48.Rb6 Kxg6 49.Rxe6+ Kf5
50.Rb6 Ra3+ 51.Kf2 g5 52.a6 Ra2+ 53.Ke3 Ra3+ 54.Kd4 g4 55.b5 g3 56.Rc6 Ra4+
57.Kd5 Ra5 58.Rc5 g2 59.Kc6+ Ke4 60.Rg5 Ra2 61.Kb7 Rf2 62.a7 Rf7+ 63.Ka6  1-0

[Event "ROM-ch"]
[Site "Herculane"]
[Date "1996.??.??"]
[Round "14"]
[White "Nevednichy, Vladislav"]
[Black "Badea, Bela"]
[Result "1/2-1/2"]
[WhiteElo "2525"]
[BlackElo "2525"]

1.e4 c5 2.Nf3 e6 3.d4 cxd4 4.Nxd4 Nc6 5.Nc3 Qc7 6.Be3 a6 7.Bd3 Nf6 8.O-O Ne5
9.h3 Bc5 10.f4 Nxd3 11.Qxd3 d6 12.Nb3 Bxe3+ 13.Qxe3 O-O 14.e5 Nd7 15.exd6 Qxd6
16.Ne4 Qc7 17.Rf2 b6 18.Nd4 Bb7  1/2-1/2

[Event "Hlohovec op"]
[Site "Hlohovec"]
[Date "1996.??.??"]
[Round "4"]
[White "Simacek, Pavel"]
[Black "Dovzik, Juri"]
[Result "1/2-1/2"]
[WhiteElo "2285"]
[BlackElo "2400"]

1.e4 c5 2.Nf3 e6 3.d4 cxd4 4.Nxd4 Nc6 5.Nc3 Qc7 6.g3 a6 7.Bg2 Nf6 8.O-O Be7
9.Re1 d6 10.Nxc6 bxc6 11.e5 dxe5 12.Rxe5 O-O 13.Bf4 Qb7 14.Na4 Nd5 15.Bd2 Bf6
16.Re4 Rd8 17.Ba5 Nc3 18.Qe1 Nxe4 19.Bxd8 Bxd8 20.Qxe4 Bd7 21.Rd1 Be8 22.c4 Qb4
23.Qc2 a5 24.a3 Qe7 25.c5 Rb8 26.Rd4 Bc7 27.b4 axb4 28.axb4 e5 29.Rc4  1/2-1/2

[Event "NLD-chT9697"]
[Site "Holland"]
[Date "1996.??.??"]
[Round "?"]
[White "Van Blitterswijk, Stefan"]
[Black "Riemersma, Liafbern"]
[Result "1-0"]
[WhiteElo "2310"]
[BlackElo "2390"]

1.e4 c5 2.Nf3 e6 3.d4 cxd4 4.Nxd4 Nc6 5.Nc3 Qc7 6.f4 a6 7.Nxc6 Qxc6 8.Bd3 b5
9.Qe2 Bb7 10.Bd2 Be7 11.a3 Rc8 12.O-O h5 13.f5 Nf6 14.fxe6 dxe6 15.Kh1 h4
16.Rf3 Bd6 17.Nxb5 Be5 18.Na7 Qc7 19.Nxc8 Bxc8 20.Bxa6 Bd7 21.Bb5 Bxh2 22.Bc3 Bg3
23.Bxf6 gxf6 24.Rd1 Bxb5 25.Qxb5+ Kf8 26.Qd3 Qe5 27.Qd4  1-0

[Event "NLD-chT9697"]
[Site "Holland"]
[Date "1996.??.??"]
[Round "?"]
[White "Van der Vorm, Teun"]
[Black "Langeweg, Kick"]
[Result "0-1"]
[WhiteElo "2405"]
[BlackElo "2375"]

1.e4 c5 2.Nf3 e6 3.d4 cxd4 4.Nxd4 Nc6 5.Nc3 a6 6.Be2 d6 7.O-O Bd7 8.a4 Be7
9.Kh1 Nf6 10.f4 O-O 11.Nb3 b6 12.Bf3 Rb8 13.Qe2 Qc8 14.g4 Ne8 15.g5 f5 16.exf5 Rxf5
17.Be4 Rf8 18.h4 d5 19.Bg2 g6 20.h5 Ng7 21.h6 Nf5 22.Qe1 Nb4 23.Rf2 d4 24.Bd2 Nxc2  0-1

[Event "HUN-chT2 9596"]
[Site "HUN"]
[Date "1996.??.??"]
[Round "8"]
[White "Dovzik, Juri"]
[Black "Somogyi, Istvan"]
[Result "1/2-1/2"]
[WhiteElo "2370"]
[BlackElo "2270"]

1.e4 c5 2.Nf3 e6 3.d4 cxd4 4.Nxd4 Nc6 5.Nc3 Qc7 6.Be3 a6 7.Bd3 Nf6 8.O-O Bb4
9.Kh1 Ne5 10.f4 Nc4 11.Bc1 Nxb2 12.Ncb5 axb5 13.Bxb2 d5 14.Nxb5 Qb6 15.Rb1 dxe4
16.Bxf6 gxf6 17.Rxb4 exd3 18.Qxd3 Ke7 19.Rd1 Rd8 20.Nd4 Qd6 21.a3 Ra5 22.Qe3 Ke8
23.h3 Rd5 24.c3 Bd7 25.Rxb7 Qxa3 26.Re1 Rc8 27.Rb3 Qc5 28.Qg3 Ke7 29.Qg7 Qd6
30.Rb7 Rc7 31.Rb8 Rc8 32.Rb7 Rc7 33.Rxc7 Qxc7 34.Qg3 Rc5 35.Re3 h5 36.Qh4 Qa5
37.Kh2 Bc6 38.Re5 Qa2 39.Nxc6+ Rxc6 40.Rxh5 Qd2 41.Rh7 Rxc3 42.Rg7  1/2-1/2

[Event "HUN-chT1 9596"]
[Site "HUN"]
[Date "1996.??.??"]
[Round "9"]
[White "Orgovan, Sandor"]
[Black "Korpics, Zsolt"]
[Result "1/2-1/2"]
[WhiteElo "2325"]
[BlackElo "2315"]

1.e4 c5 2.Nf3 Nc6 3.Nc3 e6 4.d4 cxd4 5.Nxd4 Nf6 6.Ndb5 d6 7.Bf4 e5 8.Bg5 a6
9.Na3 b5 10.Bxf6 gxf6 11.Nd5 Bg7 12.c3 f5 13.exf5 Bxf5 14.Nc2 Be6 15.Nce3 Ne7
16.a4  1/2-1/2

[Event "HUN-chT1 9596"]
[Site "HUN"]
[Date "1996.??.??"]
[Round "9"]
[White "Anka, Emil"]
[Black "Szilagyi, Peter"]
[Result "1/2-1/2"]
[WhiteElo "2410"]
[BlackElo "2400"]

1.e4 c5 2.Nf3 e6 3.d4 cxd4 4.Nxd4 Nc6 5.Nc3 Qc7 6.Be3 a6 7.Bd3 b5 8.O-O Bb7
9.Kh1 Nf6 10.a3 Ne5 11.f4 Nc4 12.Bxc4 Qxc4 13.e5 Nd5 14.Nxd5 Qxd5 15.Qe2 Bc5
16.Rad1 Qe4 17.Qf2 Rc8 18.c3 f6 19.Nc2 Be7 20.Rd4 Qg6 21.Rfd1 Rc7 22.exf6 Bxf6
23.R4d2 Be4 24.Bb6 Rc6 25.Bd4 O-O 26.Bxf6 Qxf6 27.Nb4 Rc4 28.Nxa6 Bb7 29.Nc5 Rxf4
30.Qg1 Bc6 31.Nxd7 Bxd7 32.Rxd7 Rf2 33.R7d2 e5 34.Rxf2 Qxf2 35.Qxf2 Rxf2
36.b4 Rc2 37.Kg1 Rxc3 38.Rd5 e4 39.Kf2 Rxa3 40.Rxb5 Rb3 41.Rb7  1/2-1/2

[Event "HUN-chT1 9596"]
[Site "HUN"]
[Date "1996.??.??"]
[Round "11"]
[White "Forgacs, Attila"]
[Black "Horvath, Zoltan"]
[Result "1/2-1/2"]
[WhiteElo "2155"]
[BlackElo "2355"]

1.e4 c5 2.Nf3 e6 3.d4 cxd4 4.Nxd4 Nc6 5.Nc3 Qc7 6.Be2 a6 7.Be3 Nf6 8.O-O Be7
9.f4 d6 10.Kh1 O-O 11.Qe1 Nxd4 12.Bxd4 b5 13.Qg3 Bb7 14.a3 Bc6 15.Bd3 Nh5
16.Qh3 g6 17.f5 exf5 18.exf5 Bf6 19.Bxf6 Nxf6 20.Rae1 Kg7 21.Ne2 Rae8 22.Nd4 Bd5
23.Qg3 Rxe1 24.Rxe1 Re8 25.Rxe8 Nxe8 26.fxg6 fxg6 27.Nf5+ Kf8 28.Ne3 Bb7
29.h4 Qe7 30.c4 bxc4 31.Nxc4 Qf6 32.Kh2 Kg7 33.h5 Bc8 34.hxg6 hxg6 35.b4 Bf5
36.Bxf5 Qxf5 37.Qc3+ Qf6 38.Qxf6+ Kxf6 39.Kg3 Kf5 40.Kf3 d5 41.Na5 Nf6 42.Nc6 Nd7
43.Ne7+ Ke5 44.Nxg6+ Kd4 45.g4 Kc3 46.g5 d4 47.Nf4 d3 48.Nd5+ Kc4 49.Ke4 d2
50.Ne3+ Kb3 51.g6 Nf6+ 52.Kd3 Kxa3 53.Nc2+ Kb3 54.Kxd2 Nh5 55.Kd3 Nf4+  1/2-1/2

[Event "HUN-chT1 9697"]
[Site "Hungary"]
[Date "1996.??.??"]
[Round "1"]
[White "Kuklin, Alexander"]
[Black "Somogyi, Istvan"]
[Result "1-0"]
[WhiteElo "2270"]
[BlackElo "2285"]

1.e4 c5 2.Nf3 e6 3.d4 cxd4 4.Nxd4 Nc6 5.Nc3 Qc7 6.Be2 a6 7.Be3 Nf6 8.O-O Bb4
9.Na4 O-O 10.c4 Bd6 11.g3 Nxe4 12.Bf3 Nf6 13.c5 Be5 14.Nb6 Rb8 15.Nc4 Ne8
16.Nxc6 bxc6 17.Nxe5 Qxe5 18.Bf4 Qxb2 19.Bxb8 Qxb8 20.Qd4 Nf6 21.Rab1 Qc7
22.Rb6 Nd5 23.Bxd5 exd5 24.Re1 d6 25.Qf4 Be6 26.Qxd6 Qxd6 27.cxd6 c5 28.Rc6 c4
29.Rxe6 fxe6 30.d7 Kf7 31.Rc8 Ke7 32.Rxf8 Kxd7 33.Kf1 d4 34.Ke2  1-0

[Event "HUN-chT1 9697"]
[Site "Hungary"]
[Date "1996.??.??"]
[Round "1"]
[White "Grabics, Monika"]
[Black "Boronyak, Arpad"]
[Result "1/2-1/2"]
[WhiteElo "2225"]
[BlackElo "2325"]

1.e4 c5 2.Nf3 e6 3.d4 cxd4 4.Nxd4 Nc6 5.Nc3 Nf6 6.Ndb5 d6 7.Bf4 e5 8.Bg5 a6
9.Na3 b5 10.Nd5 Be7 11.Bxf6 Bxf6 12.g3 O-O 13.Bg2 Be6 14.Nxf6+ Qxf6 15.c3 b4
16.cxb4 Nxb4 17.Qxd6 Rab8 18.O-O Rfd8 19.Qc5 Nd3 20.Qe3 Nxb2 21.Rfb1 Nc4  1/2-1/2

[Event "HUN-chT1 9697"]
[Site "Hungary"]
[Date "1996.??.??"]
[Round "2"]
[White "Biro, Andras"]
[Black "Tenyi, Jozsef"]
[Result "0-1"]
[WhiteElo "2290"]
[BlackElo "2190"]

1.e4 c5 2.Nf3 e6 3.d4 cxd4 4.Nxd4 Nc6 5.Nc3 Qc7 6.Be3 a6 7.Be2 Nf6 8.O-O Bb4
9.Na4 O-O 10.Nxc6 bxc6 11.Nb6 Rb8 12.Nxc8 Rfxc8 13.Bxa6 Re8 14.Bd3 Bd6 15.f4 e5
16.f5 Qa5 17.b3 Bc5 18.Qe2 d5 19.Bxc5 Qxc5+ 20.Kh1 Qc3 21.a3 Rbd8 22.exd5 e4
23.Bc4 cxd5 24.Bb5 Re5 25.a4 d4 26.Rad1 Rc5 27.Bc4 Qa5 28.g4 e3 29.Qf3 Re5
30.g5 Ne4 31.Qh5 Nf2+ 32.Rxf2 exf2 33.Qxf7+ Kh8 34.Kg2 Rxf5 35.Rxd4 f1=Q+  0-1

[Event "HUN-chT1 9697"]
[Site "Hungary"]
[Date "1996.??.??"]
[Round "4"]
[White "Almasi, Zoltan"]
[Black "Borocz, Istvan"]
[Result "1-0"]
[WhiteElo "2650"]
[BlackElo "2415"]

1.e4 c5 2.Nf3 e6 3.d4 cxd4 4.Nxd4 Nc6 5.Nc3 Qc7 6.Be3 a6 7.Bd3 Nf6 8.O-O Ne5
9.h3 Bc5 10.Kh1 d6 11.f4 Ng6 12.Qf3 O-O 13.f5 Ne5 14.Qg3 Kh8 15.Qh4 Bd7 16.Nce2 exf5
17.exf5 Bc6 18.Bg5 Ned7 19.Ng3 Rae8 20.c3 Qb6 21.Rf2 Bxd4 22.cxd4 Bd5 23.Kh2 Bc6
24.Rd1 Bd5 25.Bb1 Bc6 26.Rfd2 Bd5 27.Rf1 Qa5 28.a3 Qb6 29.Bd3 Kg8 30.Rf4 Kh8
31.Ne2 Re3 32.Nc3 Ree8 33.Nxd5 Nxd5 34.f6 g6 35.Qh6 N7xf6 36.Rxf6  1-0

[Event "Hyvinkaa op"]
[Site "Hyvinkaa"]
[Date "1996.??.??"]
[Round "2"]
[White "Kiltti, Jyrki"]
[Black "Kiik, Kalle"]
[Result "0-1"]
[WhiteElo "2235"]
[BlackElo "2385"]

1.e4 c5 2.Nf3 e6 3.d4 cxd4 4.Nxd4 Nc6 5.Nc3 d6 6.Bc4 Nf6 7.Bg5 Qb6 8.Nb3 a6
9.Bxf6 gxf6 10.Qh5 Bd7 11.Rf1 Rc8 12.Bd3 Qa7 13.O-O-O b5 14.f4 b4 15.Ne2 a5
16.Bb5 Qe3+ 17.Nd2 Nb8 18.Rf3 Qb6 19.Bxd7+ Nxd7 20.Kb1 Rc5 21.f5 e5 22.c4 a4
23.Rd3 Rc8 24.Ng3 Qf2 25.Qf3 Qxf3 26.gxf3 h5 27.Rd5 h4 28.Ngf1 Bh6 29.Rxd6 Ke7
30.Ra6 Nc5 31.Rb6 Rb8 32.Rb5 Rhc8 33.a3 b3 34.Ra5 Rb7 35.f4 Bxf4 36.Nf3 Nxe4
37.Rxa4 h3 38.Ng1 Nf2 39.Rd5 Rbc7 40.Ne2 Rxc4 41.Ra7+ Ke8 42.Nc3 Rd4 43.Rad7 Rxd5
44.Rxd5 Ne4 45.Rd3 Ng5 46.Ng3 e4 47.Rd1 Bxg3 48.hxg3 Rd8 49.Re1 Rd2 50.Nd1 h2
51.Rh1 Nf3 52.Ne3 Kd8 53.Ng4 Rg2 54.Nxh2 Rxh2 55.Rxh2 Nxh2 56.Kc1 e3 57.Kd1 Ng4
58.Ke2 Kd7  0-1

[Event "Isle of Man op"]
[Site "Isle of Man"]
[Date "1996.??.??"]
[Round "1"]
[White "Hector, Jonny"]
[Black "Sahu, Sekhar Chandra"]
[Result "1-0"]
[WhiteElo "2525"]
[BlackElo "2340"]

1.e4 c5 2.Nc3 Nc6 3.Nf3 e6 4.d4 cxd4 5.Nxd4 a6 6.f4 d5 7.Nxc6 bxc6 8.Bd3 Bc5
9.Qe2 Ne7 10.Bd2 O-O 11.h4 f5 12.e5 Ba7 13.Na4 c5 14.Bxa6 Nc6 15.Bxc8 Qxc8
16.c3 c4 17.b3 cxb3 18.axb3 Na5 19.Ra3 Rb8 20.b4 Nc4 21.Ra2 Rf7 22.Nb2 Nxd2
23.Qxd2 Rc7 24.Rh3 Qb7 25.Rd3 Qb6 26.Qe2 Rbc8 27.Ra3 d4 28.Na4 Qb7 29.Nc5 Bxc5
30.bxc5 dxc3 31.Raxc3 Rxc5 32.Rxc5 Qb4+ 33.Rcc3  1-0

[Event "Isle of Man op"]
[Site "Isle of Man"]
[Date "1996.??.??"]
[Round "5"]
[White "Hector, Jonny"]
[Black "Emms, John M"]
[Result "1/2-1/2"]
[WhiteElo "2525"]
[BlackElo "2500"]

1.e4 c5 2.Nf3 e6 3.d4 cxd4 4.Nxd4 Nc6 5.Nc3 Qc7 6.Be3 a6 7.Bd3 Nf6 8.O-O Bd6
9.Nxc6 bxc6 10.f4 e5 11.f5 Be7 12.Na4 d5 13.Bb6 Qb8 14.Qe1 a5 15.c4 O-O 16.Rc1 Nd7
17.Be3 d4 18.Bf2 Bg5 19.Rb1 Qb4 20.Qd1 Nc5 21.Nxc5 Qxc5 22.Qh5 f6 23.Be1 Qe7
24.Rf3 c5 25.Rh3 g6 26.Qf3 gxf5 27.exf5 Bb7 28.Be4 Bxe4 29.Qxe4 Kh8 30.Ra3 Qf7
31.Ra4 Rg8 32.b3 Ra7 33.Bxa5 Qh5 34.Be1 Rag7 35.Ra8 Bf4 36.Rxg8+ Rxg8 37.Bg3 Be3+
38.Kf1 Rg4 39.Qa8+ Kg7 40.Qb7+ Kh6 41.Qc8 Rg8 42.Qxg8 Qxf5+ 43.Ke2 Qc2+ 44.Kf3 Qf5+
45.Ke2 Qc2+ 46.Kf3 Qf5+  1/2-1/2

[Event "ISR-chT"]
[Site "Israel"]
[Date "1996.??.??"]
[Round "3"]
[White "Liberzon, Vladimir M"]
[Black "Liss, Eran"]
[Result "1/2-1/2"]
[WhiteElo "2435"]
[BlackElo "2480"]

1.e4 c5 2.Nf3 Nc6 3.Nc3 e6 4.d4 cxd4 5.Nxd4 Nf6 6.Ndb5 d6 7.Bf4 e5 8.Bg5 a6
9.Na3 b5 10.Nd5 Be7 11.Bxf6 Bxf6 12.c3 Rb8 13.Nc2 Bg5 14.Be2 O-O 15.O-O a5
16.Qd3 Be6 17.Rfd1 g6 18.Bf3 Qd7 19.Nce3 f6 20.Qe2 f5 21.Rd3 Kh8 22.Rad1 Nd8
23.g3 Nf7 24.Bg2 Qa7 25.Kh1 Bh6 26.h4 Bg7 27.R3d2  1/2-1/2

[Event "ISR-ch"]
[Site "Jerusalem"]
[Date "1996.??.??"]
[Round "2"]
[White "Rotman, Daniel"]
[Black "Kogan, Boris"]
[Result "0-1"]
[WhiteElo "2345"]
[BlackElo "2000"]

1.e4 c5 2.Nf3 e6 3.d4 cxd4 4.Nxd4 Nc6 5.Nc3 Qc7 6.Be2 a6 7.O-O Nf6 8.Be3 Be7
9.f4 d6 10.a4 O-O 11.Kh1 Re8 12.Qe1 Bd7 13.e5 dxe5 14.fxe5 Nxe5 15.Qg3 Bd6
16.Bf4 Nc4 17.Bxd6 Qxd6 18.Rxf6 Qxg3 19.hxg3 gxf6 20.Bxc4 Red8 21.Bd3 Rac8
22.Ne4 Kg7 23.g4 h5 24.Nd6 Rc7 25.gxh5 f5 26.b4 Bc8 27.Nxc8 Rxd4 28.Nb6 Rxb4
29.a5 Rh4+ 30.Kg1 Rxh5 31.c4 Rh8 32.Be2 Rd8 33.Bf3 Kf6 34.Ra2 Rd3 35.Kf2 Rb3
36.Bd1 Rc3 37.Rd2 Ra3 38.Ba4 Kg5 39.Rd8 Kf4 40.Rd4+ Ke5 41.Rd8 f4 42.c5 Kf6
43.Rd4 Kg5 44.Rc4 f5 45.Rc2 e5 46.c6 bxc6 47.Rc5 Ra2+ 48.Kg1 e4 49.Bc2 Kg4
50.Bd1+ Kg3 51.Rc3+ e3  0-1